| 000 | 00754nam a22002417a 4500 | ||
|---|---|---|---|
| 003 | DO-SdBNP | ||
| 005 | 20240530073924.0 | ||
| 007 | ta | ||
| 008 | 201103b 2018 dr f 00| 0 eng d | ||
| 020 | _a9789945091496 | ||
| 040 |
_aDO-SdBNP _bspa _cBNPHU |
||
| 082 | 4 |
_aRD863.44 _bS787cn _222 |
|
| 100 | 1 |
_aStanley, Avelino, _d1959- _91536 |
|
| 245 | 1 | 3 |
_aEl caso número cien : _b(novela) _cAvelino Stanley |
| 260 |
_aSanto Domingo : _bCocolo, _c2018. |
||
| 300 |
_a201 p. ; _c23 cm. |
||
| 500 | _aIncluye datos biográficos del autor en la solapa de la cubierta. | ||
| 590 | _aInventariado, 2021/MFF | ||
| 650 | 0 |
_aNovela dominicana _9223 |
|
| 650 | 4 |
_aLiteratura dominicana _979378 |
|
| 910 | _aValidado. Control de calidad MFF | ||
| 942 |
_2ddc _cLBS1 |
||
| 999 |
_c49030 _d49030 |
||